Роль цен и нормативов чистой продукции в стимулировании производства новой техники. Ч. 2 (Запись № 6697776)

Подробности
000 -МАРКЕР
контрольное поле 01613nam2a22002291 4500
001 - ИДЕНТИФИКАТОР ЗАПИСИ
контрольное поле rc\957196
005 - ИДЕНТИФИКАТОР ВЕРСИИ
контрольное поле 20250622103856.0
035 ## - ДРУГИЕ СИСТЕМНЫЕ НОМЕРА
Идентификатор записи (NLR Aleph) 006244647
100 ## - ДАННЫЕ ОБЩЕЙ ОБРАБОТКИ
Данные общей обработки 20041129d1982 |||y0rusy50 ca
101 0# - ЯЗЫК РЕСУРСА
Язык текста, звукозаписи и т.д. русский
102 ## - СТРАНА ПУБЛИКАЦИИ ИЛИ ПРОИЗВОДСТВА
Страна публикации Российская Федерация
105 ## - ПОЛЕ КОДИРОВАННЫХ ДАННЫХ: ТЕКСТОВЫЕ МАТЕРИАЛЫ, МОНОГРАФИЧЕСКИЕ
Кодированные данные о монографическом текстовом документе y |||||||||
200 0# - ЗАГЛАВИЕ И СВЕДЕНИЯ ОБ ОТВЕТСТВЕННОСТИ
Основное заглавие Ч. 2
210 ## - ПУБЛИКАЦИЯ, РАСПРОСТРАНЕНИЕ И ДР.
Дата издания, распространения и т.д. 1982
Место издания, распространения и т.д. Б. м.
215 ## - ФИЗИЧЕСКАЯ ХАРАКТЕРИСТИКА
Специфическое обозначение материала и объем 36 с.
461 #0 - УРОВЕНЬ НАБОРА
Встроенное поле 001rc\957194
-- 2001#$aРоль цен и нормативов чистой продукции в стимулировании производства новой техники$eМетод. разраб.$fМ-во станкостроит. и инструм. пром-сти СССР. Упр. кадров и учеб. заведений, Ин-т повышения квалификации руководящих работников и специалистов, Каф. экономики и орг. упр. пр-вом$g[Сост. преп., к. э. н. Г.В. Жук]$vЧ. 2
Системный номер (АБИС) связанной записи 6697761
Место публикации М.
Дата публикации 1982
Первые сведения об ответственности М-во станкостроит. и инструм. пром-сти СССР. Упр. кадров и учеб. заведений, Ин-т повышения квалификации руководящих работников и специалистов, Каф. экономики и орг. упр. пр-вом
Имя издателя, распространителя и т.д. Б. и.
Сведения, относящиеся к заглавию Метод. разраб.
Заглавие Роль цен и нормативов чистой продукции в стимулировании производства новой техники
Номер тома Ч. 2
801 #0 - ИСТОЧНИК ЗАПИСИ
Страна Российская Федерация
Организация NLR
Правила каталогизации psbo
801 #1 - ИСТОЧНИК ЗАПИСИ
Страна Российская Федерация
Организация ELAR
Источник данных rusmarc
852 ## - МЕСТОНАХОЖДЕНИЕ И ШИФР ХРАНЕНИЯ
Идентификатор организации NLR
Шифр хранения (Call Number) 82-4/26937
942 ## - ДОПОЛНИТЕЛЬНЫЕ ЭЛЕМЕНТЫ ЗАПИСИ (АБИС)
Тип экземпляра АБИС Книга
980 ## - КОЛЛЕКЦИЯ
Название коллекции Национальная библиография
Экземпляры
Тип экземпляра Дата поступления Библиотека постоянного хранения Библиотека текущего хранения Место хранения Шифр хранения Штрих-код Статус экземпляра
Книга 26.10.2013 РНБ (Московский) РНБ (Московский) Русский книжный фонд: издания с 1957 года 82-4/26937 6244647-10